Top 15 der betroffenen Covid-19-Länder - 27. Juni - Statistiken

Allgemein
  • Dieses Quiz wurde 18 mal gespielt
  • Das Durchschnittsergebnis liegt bei 12 aus 26
Antwortstatistiken
Land % Korrekt
Deutschland
100%
Italien
100%
Russland
100%
Vereinigte Staaten
100%
Spanien
88%
Brasilien
81%
Vereinigtes Königreich
81%
Indien
75%
Mexiko
75%
Schweden
69%
Iran
44%
Belgien
38%
Pakistan
38%
Chile
31%
Chile
31%
Peru
31%
Saudi-Arabien
31%
Türkei
31%
Weißrussland
25%
Katar
19%
Singapur
19%
Bahrain
13%
Kuwait
13%
Armenien
6%
Oman
0%
Panama
0%
Keine übereinstimmenden Quizze gefunden
Verteilung der Resultate
Anzahl Personen mit jedem Resultat
Perzentil nach korrekt beantworteten Fragen
Ihre Resultats-Entwicklung
Sie haben dieses Quiz noch nicht gespielt